[Event "AUTO-MASTER-2793"]
[Site "http://www.queenalice.com/game.php?id=1570225"]
[Date "2019.5.8"]
[Round "2"]
[White "CCapivara"]
[Black "DAPONT"]
[Result "0-1"]
[WhiteElo "2295"]
[BlackElo "2235"]

1. e4 c5 2. Nf3 d6 3. d4 cxd4 4. Nxd4 Nf6 5. Nc3 a6 6. Bg5 g6 7. Bxf6 exf6 8.
Qd2 Nd7 9. O-O-O Ne5 10. f4 h5 11. fxe5 Bh6 12. exd6 Qxd6 13. Nf5 Bxd2+ 14. Rxd2
Qc6 15. Nd6+ Kf8 16. Bc4 Be6 17. Bxe6 fxe6 18. Rf1 Kg7 19. e5 f5 20. Rfd1 b5 21.
a3 b4 22. axb4 Rhb8 23. Rd4 Qxg2 24. h4 Qg3 25. Nc4 Ra7 26. R1d3 Qh2 27. Rd2
Qh1+ 28. Rd1 Qc6 29. b3 Rxb4 30. Rd6 Rxc4 31. bxc4 Qxc4 32. R1d3 Qf4+ 33. Kd1
Qxe5 34. Rd7+ Rxd7 35. Rxd7+ Kf6 36. Ne2 f4 0-1

[Event "AUTO-MASTER-2793"]
[Site "http://www.queenalice.com/game.php?id=1570226"]
[Date "2019.5.8"]
[Round "2"]
[White "DAPONT"]
[Black "CCapivara"]
[Result "0-1"]
[WhiteElo "2249"]
[BlackElo "2235"]

1. b3 e5 2. Bb2 d6 3. c4 f5 4. e3 Nf6 5. Nf3 Be7 6. Nc3 O-O 7. g3 c6 8. Bg2 Kh8
9. d3 Be6 10. Ng5 Bg8 11. Qe2 Nbd7 12. O-O-O a5 13. e4 a4 14. Nxa4 b5 15. exf5
bxa4 16. Bxc6 axb3 17. Bxa8 Qxa8 18. axb3 Nc5 19. b4 Nb3+ 20. Kb1 Qa4 21. Bc3
Rb8 22. Qa2 Qxa2+ 23. Kxa2 Nd4 24. Bxd4 exd4 25. Ne6 Rxb4 26. Nxd4 Ng4 27. Nc6
Rb7 28. Nxe7 Rxe7 29. Rd2 d5 30. h3 dxc4 31. dxc4 Bxc4+ 32. Kb2 Nf6 33. g4 h6
34. Rd4 Bf7 35. Rhd1 Re2+ 36. R1d2 Re7 37. Rb4 Nd5 38. h4 Nxb4 39. g5 hxg5 40.
hxg5 g6 41. fxg6 Bxg6 42. Kc3 Nc6 43. f4 Kg7 44. Rf2 Bf5 45. Kc4 Re4+ 46. Kc5
Nd4 47. Kd5 Ne6 48. Kd6 Nxf4 49. Rf1 Kg6 50. Rg1 Ne6 51. Kd5 Nxg5 52. Rg2 Kf6
53. Rb2 Be6+ 54. Kc5 Ke5 55. Rc2 Bd7 56. Kb6 Ne6 57. Rh2 Rb4+ 58. Ka5 Rb5+ 59.
Ka6 Nc5+ 60. Ka7 Kd6 61. Rh4 Kc7 0-1

[Event "AUTO-MASTER-2793"]
[Site "http://www.queenalice.com/game.php?id=1570227"]
[Date "2019.5.8"]
[Round "2"]
[White "Constante"]
[Black "DAPONT"]
[Result "0-1"]
[WhiteElo "2478"]
[BlackElo "2236"]

1. e4 c5 2. Nf3 Nc6 3. Bb5 a6 4. Bxc6 dxc6 5. O-O Bg4 6. d3 Qc7 7. h3 h5 8. Re1
O-O-O 9. hxg4 hxg4 10. Nfd2 Qh2+ 0-1

[Event "AUTO-MASTER-2793"]
[Site "http://www.queenalice.com/game.php?id=1570228"]
[Date "2019.5.8"]
[Round "2"]
[White "DAPONT"]
[Black "Constante"]
[Result "1-0"]
[WhiteElo "2255"]
[BlackElo "2465"]

1. b3 e5 2. Bb2 Nc6 3. c4 Nf6 4. g3 d5 5. cxd5 Qxd5 6. Nf3 Bg4 7. Nc3 Qd7 8. Bg2
Bh3 9. Bxh3 Qxh3 10. Nb5 O-O-O 11. Qc2 1-0

[Event "Challenge"]
[Site "http://www.queenalice.com/game.php?id=1572344"]
[Date "2019.5.26"]
[Round "-"]
[White "jpribeiro"]
[Black "DAPONT"]
[Result "0-1"]
[WhiteElo "2160"]
[BlackElo "2269"]

1. e4 c5 2. Nf3 Nc6 3. d4 cxd4 4. Nxd4 Nxd4 5. Qxd4 e6 6. c4 Qc7 7. g3 Nf6 8.
Bf4 Bb4+ 9. Kd1 d6 10. Qd3 Ng4 11. Qf3 e5 12. Be3 O-O 13. h3 Nxe3+ 14. Qxe3 f5
15. Qb3 Qc5 16. a3 Qd4+ 17. Kc1 Bc5 18. f3 fxe4 19. Qd1 Qe3+ 20. Kc2 Bd7 21. Qe2
Ba4+ 0-1

[Event "Challenge"]
[Site "http://www.queenalice.com/game.php?id=1572345"]
[Date "2019.5.26"]
[Round "-"]
[White "DAPONT"]
[Black "jpribeiro"]
[Result "1/2-1/2"]
[WhiteElo "2237"]
[BlackElo "2190"]

1. Nf3 d5 2. c4 d4 3. d3 c5 4. g3 Nc6 5. Bg2 e5 6. b3 Be7 7. O-O Nf6 8. Bb2 O-O
9. Na3 a6 10. Nc2 Bf5 11. a3 h6 12. e3 Bg4 13. Qe1 Qc7 14. Nd2 Bf5 15. Qe2 Bg4
1/2-1/2

[Event "Challenge"]
[Site "http://www.queenalice.com/game.php?id=1573204"]
[Date "2019.6.3"]
[Round "-"]
[White "DAPONT"]
[Black "filou"]
[Result "1/2-1/2"]
[WhiteElo "2285"]
[BlackElo "2180"]

1. Nf3 d5 2. c4 d4 3. b4 g6 4. Bb2 Bg7 5. Na3 Nh6 6. h3 e5 7. d3 O-O 8. Nc2 b6
9. g3 Nd7 10. Bg2 Bb7 11. O-O Rb8 12. a4 a5 13. b5 Nc5 14. Ra2 c6 15. e3 dxe3
16. Nxe5 cxb5 17. axb5 exf2+ 18. Rxf2 Bxg2 19. Kxg2 Bxe5 20. Bxe5 Ra8 21. Ne1
Nf5 22. Rxf5 gxf5 23. Rf2 Qg5 24. Rf4 f6 25. Bc7 Ne6 26. d4 Nxc7 27. d5 a4 28.
d6 Ne6 29. Qd5 Kf7 30. Nf3 Qxf4 31. gxf4 a3 32. Nd4 a2 33. Nxe6 Ra7 34. d7 a1=Q
35. Nxf8+ Kg7 36. Ne6+ Kh6 37. d8=Q Ra2+ 38. Qd2 Rxd2+ 39. Qxd2 Qa8+ 40. Kf2 Qh1
41. Qd8 Qh2+ 42. Ke1 Qg3+ 43. Kd1 Qb3+ 44. Kd2 Qb4+ 45. Kd1 Qb3+ 46. Kd2 1/2-1/2

[Event "Challenge"]
[Site "http://www.queenalice.com/game.php?id=1578320"]
[Date "2019.7.24"]
[Round "-"]
[White "DAPONT"]
[Black "jpribeiro"]
[Result "1-0"]
[WhiteElo "2278"]
[BlackElo "2124"]

1. e4 c6 2. d4 d5 3. e5 Bf5 4. Bd3 Bxd3 5. Qxd3 e6 6. Nf3 h6 7. O-O Be7 8. Nc3
Bb4 9. a3 Bxc3 10. Qxc3 Ne7 11. b4 O-O 12. Bb2 Nd7 13. Nd2 Nb6 14. a4 Rc8 15. a5
Na8 16. Qd3 Nc7 17. f4 a6 18. Rf3 Qd7 19. Rh3 Ng6 20. Rf1 Qe7 21. c3 Qd8 22. Nb3
Rb8 23. Nc5 Re8 24. Bc1 Nb5 25. f5 Nf8 26. Qg3 Kh7 27. Rxh6+ 1-0

[Event "Challenge"]
[Site "http://www.queenalice.com/game.php?id=1579590"]
[Date "2019.8.7"]
[Round "-"]
[White "Jerzy"]
[Black "DAPONT"]
[Result "1/2-1/2"]
[WhiteElo "2230"]
[BlackElo "2289"]

1. d4 Nf6 2. Nf3 d5 3. e3 Bg4 4. Nbd2 e6 5. c4 c5 6. Qa4+ Qd7 7. Qb3 Bxf3 8.
Nxf3 cxd4 9. exd4 Nc6 10. cxd5 Bb4+ 11. Bd2 Bxd2+ 12. Kxd2 Ne4+ 13. Ke1 exd5 14.
Bb5 O-O 15. Kf1 Qf5 16. Bxc6 bxc6 17. Qd1 Rab8 18. b3 Rfe8 19. Rc1 Re6 20. Rc2
Rbe8 21. Ne5 h5 22. g3 Rf6 23. Nd3 Qh3+ 24. Kg1 h4 25. f3 Ng5 26. f4 Ne4 27. Nf2
Nxf2 28. Kxf2 Rg6 29. Qf3 Rge6 30. g4 Qxf3+ 31. Kxf3 Re3+ 32. Kf2 h3 33. Rd1
R8e6 34. Rdd2 R3e4 35. Kg3 Rg6 36. Rc3 Re1 37. Kxh3 Rg1 38. g5 Re6 39. Rf3 f5
40. b4 g6 41. Rg2 Rd1 42. Kg3 Rxd4 43. a3 a5 44. Rb2 axb4 45. axb4 Ree4 46. b5
c5 47. b6 Rb4 48. Rfb3 Rxb3+ 49. Rxb3 Re8 50. b7 Rb8 51. Rb6 Kf7 52. Kf3 d4 53.
Ke2 c4 54. Kd2 Kg7 55. h3 Kh7 56. Rb4 Kg7 57. Rb6 Kf7 58. Rf6+ Kg7 59. Rb6
1/2-1/2

[Event "Let's Play Chess!"]
[Site "http://www.queenalice.com/game.php?id=1583528"]
[Date "2019.9.16"]
[Round "-"]
[White "DAPONT"]
[Black "E5150"]
[Result "0-1"]
[WhiteElo "2296"]
[BlackElo "2360"]

1. e4 e6 2. d4 d5 3. e5 c5 4. c3 Qb6 5. Qb3 Qxb3 6. axb3 cxd4 7. cxd4 Bb4+ 8.
Nc3 Ne7 9. Bb5+ Bd7 10. Bxd7+ Nxd7 11. Ne2 f6 12. f4 O-O 13. O-O Rfc8 14. g4 Kf7
15. Rf3 Rh8 16. h4 f5 17. g5 a6 18. h5 Rhc8 19. Be3 Bxc3 20. Nxc3 b5 21. Rc1 Nc6
22. Na2 Na7 23. Bd2 a5 24. Rfc3 Rxc3 25. Rxc3 b4 26. Rc2 Rc8 27. Rxc8 Nxc8 28.
Kf2 Nb8 29. Ke2 Na7 30. Kd3 Ke7 31. Nc1 Kd7 32. Be1 Kc7 33. g6 hxg6 34. hxg6 Nd7
35. Ne2 Kd8 36. Bh4+ Ke8 37. Ng3 Nf8 38. Bf6 Nxg6 39. Bg5 Kf7 40. Ne2 Nc6 41.
Ke3 Ke8 42. Nc1 Nf8 43. Bh4 Ng6 44. Bg5 Nb8 45. Nd3 Na6 46. Ke2 Kd7 47. Ke3 Nf8
48. Nc5+ Nxc5 49. dxc5 Kc8 50. Kd2 Kc7 51. Kd3 Ng6 52. Ke3 Kc6 53. Bd8 Kxc5 54.
Bxa5 d4+ 55. Kf3 Nh4+ 56. Kf2 Ng6 57. Kf3 Nh4+ 58. Kf2 Kd5 59. Bxb4 Ke4 60. Ke2
Ng2 61. Ba3 Nxf4+ 62. Kd2 d3 63. b4 Ng6 64. b5 Nxe5 65. Bc5 Nc4+ 66. Kc3 g5 67.
b3 Na5 68. b6 g4 69. b4 Nb7 70. Kd2 g3 0-1

[Event "Let's Play Chess!"]
[Site "http://www.queenalice.com/game.php?id=1583529"]
[Date "2019.9.19"]
[Round "-"]
[White "Asspain"]
[Black "DAPONT"]
[Result "0-1"]
[WhiteElo "2112"]
[BlackElo "2282"]

1. e4 c5 2. Nc3 Nc6 3. g3 e6 4. Bg2 a6 5. Nh3 Nge7 6. O-O d5 7. d3 d4 8. Ne2 e5
9. f4 Bg4 10. Nf2 Bxe2 11. Qxe2 exf4 12. Bxf4 Ng6 13. Ng4 h5 14. Nf2 Nxf4 15.
gxf4 g5 16. Nh3 g4 17. Nf2 f6 18. Nh1 Qd7 19. Ng3 O-O-O 20. a3 Re8 21. Qd2 Ne7
22. b4 h4 23. Ne2 h3 24. Bh1 g3 25. Nxg3 Rh4 26. Bf3 Bh6 27. Bh1 Qg4 28. bxc5
Bxf4 0-1

[Event "Challenge"]
[Site "http://www.queenalice.com/game.php?id=1583572"]
[Date "2019.9.16"]
[Round "-"]
[White "jpribeiro"]
[Black "DAPONT"]
[Result "0-1"]
[WhiteElo "2035"]
[BlackElo "2289"]

1. e4 c5 2. Nf3 Nc6 3. Bb5 a6 4. Bxc6 dxc6 5. h3 g6 6. d4 cxd4 7. Qxd4 Qxd4 8.
Nxd4 Bg7 9. Ne2 Nf6 10. f3 O-O 11. c4 b5 12. Nd2 Nd7 13. O-O Rd8 14. Rb1 Ne5 15.
c5 Be6 16. a3 Nd3 0-1

[Event "Challenge"]
[Site "http://www.queenalice.com/game.php?id=1583573"]
[Date "2019.9.16"]
[Round "-"]
[White "DAPONT"]
[Black "jpribeiro"]
[Result "1-0"]
[WhiteElo "2293"]
[BlackElo "2007"]

1. e4 e5 2. f4 exf4 3. Nf3 g5 4. Bc4 g4 5. O-O Nc6 6. d4 gxf3 7. Qxf3 Bh6 8.
Bxf4 Bxf4 9. Bxf7+ Kxf7 10. Qh5+ Ke7 11. Rxf4 Qe8 12. Qg5+ Kd6 13. Qc5+ Ke6 14.
d5+ Ke5 15. Rf5+ Kxe4 16. dxc6 1-0

[Event "novembre"]
[Site "http://www.queenalice.com/game.php?id=1589528"]
[Date "2019.11.9"]
[Round "-"]
[White "jova21"]
[Black "DAPONT"]
[Result "0-1"]
[WhiteElo "2063"]
[BlackElo "2286"]

1. e4 f5 2. exf5 Nf6 3. Nf3 d6 4. Be2 Bxf5 5. Nc3 e5 6. d3 Be7 7. Bg5 O-O 8.
Bxf6 Bxf6 9. Nd5 Nc6 10. Nxf6+ Qxf6 11. Qd2 a5 12. c3 Ne7 13. O-O Ng6 14. d4 e4
15. Ne1 Nh4 16. Qf4 Qe7 17. Bc4+ Kh8 18. Nc2 Bh3 19. Qg3 Bxg2 20. Rfe1 h5 21.
Ne3 Rf3 22. Nf5 Rxg3 23. Nxe7 Nf3# 0-1

[Event "Challenge"]
[Site "http://www.queenalice.com/game.php?id=1590400"]
[Date "2019.11.18"]
[Round "-"]
[White "DAPONT"]
[Black "patoche"]
[Result "0-1"]
[WhiteElo "2291"]
[BlackElo "2672"]

1. e4 Nc6 2. Nf3 e5 3. d4 exd4 4. Nxd4 Nf6 5. Bg5 h6 6. Nxc6 bxc6 7. Bxf6 Qxf6
8. c3 Bc5 9. Qc2 d5 10. Bd3 dxe4 11. Bxe4 Ba6 12. a4 O-O-O 13. Na3 Rhe8 0-1

[Event "Challenge"]
[Site "http://www.queenalice.com/game.php?id=1590401"]
[Date "2019.11.18"]
[Round "-"]
[White "patoche"]
[Black "DAPONT"]
[Result "1-0"]
[WhiteElo "2676"]
[BlackElo "2290"]

1. e4 f5 2. exf5 Nf6 3. d4 d6 4. Bd3 e5 5. fxe6 Bxe6 6. Nf3 Qd7 7. c4 Nc6 8. d5
Nxd5 9. cxd5 Bxd5 10. Nc3 Qe6+ 11. Be3 Bxf3 12. Qxf3 Ne5 13. Qxb7 Nxd3+ 14. Kd2
Rc8 15. Kxd3 Be7 16. Qc6+ 1-0

[Event "Challenge"]
[Site "http://www.queenalice.com/game.php?id=1593187"]
[Date "2019.12.16"]
[Round "-"]
[White "DAPONT"]
[Black "jova21"]
[Result "1-0"]
[WhiteElo "2285"]
[BlackElo "2056"]

1. e4 d6 2. d4 g6 3. Nf3 Bg7 4. Bc4 Nf6 5. e5 dxe5 6. Nxe5 O-O 7. Nxf7 Rxf7 8.
Bxf7+ Kxf7 9. O-O Nc6 10. c3 Bf5 11. Nd2 Qd7 12. Nf3 Bg4 13. h3 Bxf3 14. Qxf3
Kg8 15. Bf4 Rf8 16. Bh2 b5 17. Rfe1 a5 18. Re2 b4 19. Rae1 bxc3 20. bxc3 Nd5 21.
Qd3 Nf4 22. Qc4+ Kh8 23. Bxf4 Rxf4 24. Qe6 Qe8 25. Rb1 Rf6 26. Qc4 Qd7 27. d5
Na7 28. Qc5 Nc8 29. Qxa5 Rd6 30. Rb8 Rxd5 31. Rxc8+ Qxc8 32. Qxd5 Bf6 33. Rxe7
Bxe7 34. Qe5+ Kg8 35. Qxe7 Qb7 36. Qb4 Qc8 37. a4 Qe6 38. Qb8+ Kg7 39. Qxc7+ Kh6
40. Qf4+ g5 41. Qe3 Qc6 42. h4 1-0

[Event "bonne année !"]
[Site "http://www.queenalice.com/game.php?id=1594961"]
[Date "2020.1.2"]
[Round "-"]
[White "DAPONT"]
[Black "patoche"]
[Result "0-1"]
[WhiteElo "2287"]
[BlackElo "2672"]

1. d4 Nf6 2. c4 Nc6 3. Nc3 e5 4. dxe5 Nxe5 5. b3 d5 6. Nxd5 Nxd5 7. Qxd5 Qf6 8.
Rb1 Bf5 9. Rb2 Bb4+ 10. Bd2 c6 0-1

[Event "Challenge"]
[Site "http://www.queenalice.com/game.php?id=1596939"]
[Date "2020.1.21"]
[Round "-"]
[White "DAPONT"]
[Black "patoche"]
[Result "0-1"]
[WhiteElo "2290"]
[BlackElo "2687"]

1. e4 Nc6 2. Nf3 f5 3. exf5 d5 4. d4 Bxf5 5. Ne5 Nxe5 6. dxe5 e6 7. Bd3 Ne7 8.
Bg5 Bxd3 9. Qxd3 Qd7 10. Nc3 Ng6 11. O-O-O Bb4 12. Rhe1 O-O 13. Qg3 Bxc3 14.
bxc3 Qa4 15. h4 h5 16. Rd4 Qa3+ 17. Kd2 Rf5 18. f4 Raf8 19. Rxd5 exd5 20. e6 d4
21. Qd3 Rxg5 22. hxg5 dxc3+ 23. Kd1 Nxf4 24. Qd7 Qxa2 0-1

[Event "Challenge"]
[Site "http://www.queenalice.com/game.php?id=1596940"]
[Date "2020.1.21"]
[Round "-"]
[White "patoche"]
[Black "DAPONT"]
[Result "1-0"]
[WhiteElo "2686"]
[BlackElo "2286"]

1. e4 e5 2. Bc4 Nf6 3. d4 Nc6 4. d5 Nb8 5. Qd3 d6 6. Nc3 Be7 7. Nf3 c6 8. a3
cxd5 9. Bxd5 Nxd5 10. Nxd5 O-O 11. Be3 b6 12. Rd1 Re8 13. O-O Bf8 14. Bg5 Qd7
15. Nh4 Na6 16. Nf5 Re6 17. Qg3 Kh8 18. Qh4 Nc7 19. Nf6 gxf6 20. Bxf6+ Bg7 21.
Bxg7+ Kg8 22. Rd3 Rg6 23. Qxh7+ Kxh7 24. Rh3+ Kg8 25. Rh8# 1-0

[Event "Let's Play Chess!"]
[Site "http://www.queenalice.com/game.php?id=1606864"]
[Date "2020.4.11"]
[Round "-"]
[White "Jarowit_1"]
[Black "DAPONT"]
[Result "1-0"]
[WhiteElo "2232"]
[BlackElo "2276"]

1. d4 Nf6 2. c4 g6 3. Nc3 Bg7 4. e4 d6 5. Nf3 O-O 6. Be2 Nbd7 7. O-O e5 8. dxe5
dxe5 9. Qc2 c6 10. Be3 b6 11. a4 a5 12. Rfd1 Qc7 13. Nd2 h5 14. Nb3 Ng4 15. Bg5
f6 16. Bc1 Rf7 17. c5 Nf8 18. h3 Nh6 19. Be3 bxc5 20. Nxc5 Kh7 21. Bc4 Re7 22.
Rd3 Nf7 23. Qd2 Ne6 24. Bxe6 Bxe6 25. Nxe6 1-0

[Event "Let's Play Chess!"]
[Site "http://www.queenalice.com/game.php?id=1606966"]
[Date "2020.4.11"]
[Round "-"]
[White "DAPONT"]
[Black "Jarowit_1"]
[Result "0-1"]
[WhiteElo "2289"]
[BlackElo "2240"]

1. e4 e6 2. d4 d5 3. Nd2 Nf6 4. e5 Nfd7 5. Bd3 c5 6. c3 Nc6 7. Ndf3 Qa5 8. Bd2
Qb6 9. b3 cxd4 10. cxd4 Nxd4 11. Ne2 Nxf3+ 0-1